Porady průvodce pro organizátory, vedoucí a účastníky porad
Salvato in:
| Autori principali: | , |
|---|---|
| Altri autori: | |
| Natura: | Libro |
| Lingua: | ceco tedesco |
| Pubblicazione: |
Praha
Grada Publishing, spol. s.r.o.
2003
|
| Edizione: | 1. vyd. |
| Serie: | Poradce pro praxi
|
| Soggetti: | |
| Accesso online: | Visualizza in OPAC |
| Tags: |
Nessun Tag, puoi essere il primo ad aggiungerne!!
|
MARC
| LEADER | 00000nam a2200000 a 4500 | ||
|---|---|---|---|
| 005 | 20260127134126.0 | ||
| 008 | 060510s2003 xo cze d | ||
| 020 | |a 8024704072 (brož.) |c 199.00 | ||
| 035 | |a vtls008761579 | ||
| 035 | |a POKPOH47169 | ||
| 039 | 9 | |y 200605291640 |z VLOAD | |
| 040 | |a POKPOH |b slo |c POKPOH | ||
| 041 | 1 | |a cze |h ger | |
| 080 | |a 65.012.63 | ||
| 100 | 1 | |a Bischof, Anita | |
| 245 | 1 | |a Porady |b průvodce pro organizátory, vedoucí a účastníky porad |c Anita Bischof ; [z nemeckého originálu prel. Dušan Spáčil] | |
| 250 | |a 1. vyd. | ||
| 260 | |a Praha |b Grada Publishing, spol. s.r.o. |c 2003 | ||
| 300 | |a 107 s. brož. | ||
| 490 | 1 | |a Poradce pro praxi | |
| 650 | 0 | 7 | |a porady |2 POKPOH |
| 650 | 0 | 7 | |a interpersonálne vzťahy |2 POKPOH |
| 650 | 0 | 7 | |a komunikácia |2 POKPOH |
| 650 | 0 | 7 | |a konflikty |2 POKPOH |
| 650 | 0 | 7 | |a efektívnosť |2 POKPOH |
| 650 | 0 | 7 | |a riadenie |2 POKPOH |
| 655 | 7 | |a príručky |2 POKPOH | |
| 655 | 7 | |a rozhovory |2 POKPOH | |
| 700 | 1 | |a Bischof, Klaus |4 aut | |
| 700 | 1 | |a Spáčil, Dušan |c JUDr. |4 trl | |
| 830 | 0 | |a Poradce pro praxi | |
| 910 | |a pokpoh | ||
| 919 | |a 80-247-0407-2 | ||
| 999 | |c 4662 |d 4662 | ||